Modeling and analysis of telecommuncations netwoeks (Record no. 581691)
[ view plain ]
| 000 -LEADER | |
|---|---|
| fixed length control field | 00550nam a22001937a 4500 |
| 003 - CONTROL NUMBER IDENTIFIER | |
| control field | CEME |
| 005 - DATE AND TIME OF LATEST TRANSACTION | |
| control field | 20210628205623.0 |
| 008 - FIXED-LENGTH DATA ELEMENTS--GENERAL INFORMATION | |
| fixed length control field | 210127b xxu||||| |||| 00| 0 eng d |
| 020 ## - INTERNATIONAL STANDARD BOOK NUMBER | |
| International Standard Book Number | 0-471-334845-7 |
| 040 ## - CATALOGING SOURCE | |
| Transcribing agency | . |
| 082 ## - DEWEY DECIMAL CLASSIFICATION NUMBER | |
| Classification number | 621.3821 HAY |
| 100 ## - MAIN ENTRY--PERSONAL NAME | |
| Personal name | Hayes, Jeremiah .F |
| 9 (RLIN) | 76294 |
| 245 ## - TITLE STATEMENT | |
| Title | Modeling and analysis of telecommuncations netwoeks |
| 260 ## - PUBLICATION, DISTRIBUTION, ETC. | |
| Name of publisher, distributor, etc. | JOHN WILEY |
| Date of publication, distribution, etc. | 2004 |
| 300 ## - PHYSICAL DESCRIPTION | |
| Extent | XX,393P |
| 650 ## - SUBJECT ADDED ENTRY--TOPICAL TERM | |
| Topical term or geographic name entry element | TELECOMMUNICATION SYSTEMS. TELECOMMUNICATIONS NETWORKS |
| 9 (RLIN) | 76295 |
| 700 ## - ADDED ENTRY--PERSONAL NAME | |
| Personal name | Babu, Thimma V.J Ganesh |
| 9 (RLIN) | 76296 |
| 942 ## - ADDED ENTRY ELEMENTS (KOHA) | |
| Koha item type | Book |
| Source of classification or shelving scheme | |
| Withdrawn status | Lost status | Damaged status | Not for loan | Permanent Location | Current Location | Shelving location | Date acquired | Total Checkouts | Full call number | Barcode | Date last seen | Price effective from | Koha item type |
|---|---|---|---|---|---|---|---|---|---|---|---|---|---|
| College of Electrical & Mechanical Engineering (CEME) | College of Electrical & Mechanical Engineering (CEME) | General Stacks | 02/22/2017 | 621.3821 HAY | CEME-40086 | 06/28/2021 | 06/28/2021 | Book |
